|
|
|
|
| LEADER |
00000nab a2200000 a 4500 |
| 001 |
vtls000356035 |
| 003 |
SK-MaSNL |
| 005 |
20260303161452.0 |
| 008 |
230223c1989 xo 0 cze |
| 015 |
|
|
|a SNBRB19rr/mm-uuuuu
|
| 035 |
|
|
|a CL0356157
|
| 035 |
|
|
|a urn:nbn:sk:snk-abbji3
|
| 035 |
|
|
|a (urnnbn)urn:nbn:sk:snk:ar-006dcn
|
| 035 |
|
|
|a (uuid)181d4703-b934-4da9-93a2-72331a5957df
|
| 040 |
|
|
|a SNKBUCL
|b slo
|c SNKBUCL
|e AACR2
|
| 041 |
0 |
|
|a cze
|
| 044 |
|
|
|a xo
|c SK
|
| 080 |
|
|
|a 504.064.36:574:592/599
|2 1981
|
| 080 |
|
|
|a 574
|2 1981
|
| 080 |
|
|
|a 592/599
|2 1981
|
| 080 |
|
|
|a 592
|2 1981
|
| 100 |
1 |
|
|a Štěpán, Jan
|4 aut
|9 378163
|
| 245 |
1 |
0 |
|a Uplatnění bioindikace
|c Jan Štěpán
|
| 650 |
0 |
7 |
|a monitorovanie ekologické
|2 snkbucl
|9 901904
|
| 650 |
0 |
7 |
|a bioindikácia
|2 snkbucl
|9 359994
|
| 655 |
|
7 |
|a články z novín a časopisov
|2 snkbucl
|9 267496
|
| 700 |
1 |
|
|a Nováková, Eliška,
|d 1921-2000
|4 aut
|9 134522
|
| 773 |
0 |
|
|t Životné prostredie
|g Roč. 23, č. 1 (1989), s. 53
|
| 787 |
0 |
8 |
|i Rec.:
|a Nováková, Eliška
|t Využití volně žijících ptáků a savců, zvláště zvěře v bioindikaci, biodiagnostice a ekologickém monitoringu
|d Praha : Ústav aplikované ekologie a ekotechniky, 1987
|
| 850 |
|
|
|a Slovenská národná knižnica v Martine
|a MTA001
|
| 852 |
|
|
|a SNK
|b KIS3GCP
|
| 958 |
|
|
|a OND
|
| 958 |
|
|
|a RK
|
| 958 |
|
|
|a ME
|
| 958 |
|
|
|a CZ
|
| 958 |
|
|
|a EUIPO
|
| 958 |
|
|
|a article15
|
| 992 |
|
|
|a RBX
|
| 999 |
|
|
|c 2049412
|d 2051342
|